| 000 | 00678cam a22002414a 4500 | ||
|---|---|---|---|
| 008 | |||
| 020 | _a0471292273 (hbk.) | ||
| 049 | _aMAIN | ||
| 090 | _aTD8900 | ||
| 100 | 1 | _aJahnke, J. A. | |
| 245 | 1 | 0 |
_aContinuous emission monitoring / _cJames A. Jahnke. |
| 250 | _a2nd ed. | ||
| 260 |
_aNew York : _bWiley, _cc2000. |
||
| 300 |
_axi, 404 p. : _bill. ; _c25 cm. |
||
| 504 | _aIncludes bibliographical references. | ||
| 500 | _aIncludes index. | ||
| 650 | 0 | _aContinuous emission monitoring. | |
| 907 |
_a.b1017199x _b14-09-05 _c18-08-05 |
||
| 003 | |||
| 005 | 20230123134051.0 | ||
| 040 | _cNUST | ||
| 942 |
_cBOOKS _kTD8900 |
||
| 999 |
_c159453 _d159453 |
||